|
|
|
|
| LEADER |
00969nam a2200349 4500 |
| 001 |
DLU030023055 |
| 005 |
##20010719100159.0 |
| 008 |
##000724s2000 enka f 001 0 eng |
| 010 |
# |
# |
|a 2001339790
|
| 020 |
# |
# |
|a 0333920759
|
| 020 |
# |
# |
|a 0333920767 (pbk.)
|
| 035 |
# |
# |
|a (UkLWHE)b000071925
|
| 040 |
# |
# |
|a DLC
|c DLC
|d DLC
|
| 042 |
# |
# |
|a pcc
|
| 050 |
# |
# |
|a HD30.215
|b .S95 2000
|
| 082 |
# |
# |
|a 519.5
|b SW-L
|
| 100 |
# |
# |
|a Swift, Louise.
|
| 245 |
# |
# |
|a Quantitative methods for business, management and finance /
|c Louise Swift.
|
| 260 |
# |
# |
|a Basingstoke :
|b Macmillan Business,
|c 2000.
|
| 300 |
# |
# |
|a xiv, 861 p. :
|b ill. ;
|c 25 cm.
|
| 500 |
# |
# |
|a Includes index.
|
| 650 |
# |
# |
|a Commercial statistics.
|
| 650 |
# |
# |
|a Industrial management
|x Statistical methods.
|
| 992 |
# |
# |
|a 56.13
|
| 994 |
# |
# |
|a DLU
|
| 900 |
# |
# |
|a True
|
| 911 |
# |
# |
|a Thái Thị Thanh Thủy
|
| 925 |
# |
# |
|a G
|
| 926 |
# |
# |
|a A
|
| 927 |
# |
# |
|a SH
|
| 980 |
# |
# |
|a Thư viện Trường Đại học Đà Lạt
|